[Event "EU-Cup 27th"]
[Site "Rogaska Slatina"]
[Date "2011.09.29"]
[Round "5"]
[White "Postny, Evgeny"]
[Black "Eljanov, Pavel"]
[Result "1/2-1/2"]
[WhiteElo "2622"]
[BlackElo "2683"]
[Annotator "Postny,E"]
[PlyCount "88"]
[EventDate "2011.09.25"]
[EventType "team-swiss"]
[EventRounds "7"]
[EventCountry "SLO"]
[SourceTitle "CBM 145"]
[Source "ChessBase"]
[SourceDate "2011.11.11"]
[SourceVersion "1"]
[SourceVersionDate "2011.11.11"]
[SourceQuality "1"]
[WhiteTeam "Beer Sheva"]
[BlackTeam "Saratov Ekonomist"]
[WhiteTeamCountry "ISR"]
[BlackTeamCountry "RUS"]

1. d4 d5 2. c4 c6 3. Nf3 Nf6 4. Nc3 e6 5. g3 {I didn't expect the Meran System,
so I decided to go for a side line.} dxc4 6. Bg2 b5 {Grabbing the pawn is the
most principled. White can't get it back, so he has to play for the initiative.
} 7. Ne5 a6 $5 {Provoking White to capture the Pc6.} (7... Nd5 {is the main
theoretical continuation.}) 8. a4 (8. Nxc6 Qb6 9. Ne5 (9. Nxb8 {can be met
even by} Bb7 {and Black gets a good position. The exchange of knights is in
his favour.}) 9... Bb7 10. e4 Bb4 11. O-O O-O 12. d5 Nbd7 13. Be3 Bc5 14. Bxc5
Qxc5 15. Nxd7 Nxd7 16. dxe6 Ne5 17. b4 Qxb4 18. Qd4 Nd3 19. Nd5 Bxd5 20. exd5
Qd6 21. exf7+ Rxf7 $17 {0-1 Vachier Lagrave,M (2721)-Smeets,J (2669)/Germany
2010/EXT 2011 (73)}) 8... Bb7 9. O-O Qc8 $5 {I was familiar only with the main
continuation 9...Nd5, which I've played myself. The move in the text,
protecting the Bb7 is also rather typical for this structure.} (9... Nd5 10. e4
Nxc3 11. bxc3 Nd7 12. f4 Be7 {has been seen many times. So far Black can be
happy with the statistics.}) 10. axb5 {I got tempted by this straightforward
idea to break through. The alternative 10.e4 is a standard way to play for
long-term compensation.} (10. e4 Nbd7 11. f4 Be7 12. f5 exf5 13. exf5 (13. Bh3
Nxe5 $6 (13... c5 $1 14. Bxf5 cxd4 15. Nd5 Bxd5 16. exd5 d3 $17) 14. dxe5 Ng4
15. Rxf5 g6 16. Qxg4 $1 h5 17. Qe2 gxf5 18. exf5 $36 {0-1 Gleizerov,E (2565)
-Stanojoski,Z (2499)/Zagreb 2010/CBM 135 Extra (37)}) 13... b4 $6 (13... O-O
14. Qf3 $44) 14. Ne4 $6 (14. Nxc4 $1 bxc3 15. Re1 $36) 14... Nxe4 15. Bxe4 c5
16. Bxb7 Qxb7 17. Nxc4 O-O $11 {1/2-1/2 Romanishin,O (2514)-Bui Vinh (2448)/
Zalakaros 2008/CBM 124 Extra (21)}) 10... cxb5 11. d5 Bb4 $1 {The best move
made after long meditation. Now it was my turn to ponder about the position,
as it's not clear how to develop the initiative.} 12. e4 {The alternatives are
worse.} (12. dxe6 fxe6 13. Bg5 Bxg2 14. Kxg2 Nbd7 $15) (12. Nxf7 $2 {This
sacrifice just doesn't work.} Kxf7 13. dxe6+ Ke8 {An engine insists on this
move, although, during the game I couldn't find anything for White after the
human 13...Ke7 followed by Rh8-d8.} 14. Nd5 Nxd5 15. Bxd5 Bxd5 16. Qxd5 Nc6 $17
) (12. Bg5 $2 Bxc3 13. bxc3 Nxd5 $17) 12... Nbd7 {Eliminating White's
centralized knight is the most logical.} 13. Nxd7 (13. Nc6 $2 Bxc6 14. dxc6 Ne5
15. f4 Nd3 16. e5 Bxc3 17. bxc3 Nd5 $17) 13... Qxd7 (13... Nxd7 $2 14. Qg4 $16
{[%csl Re6,Rg7]}) 14. Bg5 Be7 15. Bxf6 $1 {The compensation is fading away,
White's play has to become as concrete as possible.} ({I also considered} 15.
Qd4 {but, it can be met by} Qc7 $1 (15... O-O 16. Bxf6 Bxf6 17. e5 Bd8 18. Qg4
$1 $44) 16. Bf4 Qc5 {and my queen has to retreat.}) 15... Bxf6 16. e5 $1 Bxe5
17. Qh5 {The point. Black's king will now be in a cross-fire. Unfortunately,
it's sufficient only for equality, as I am already two pawns down and will
have to sacrifice more material very soon.} Bxc3 (17... Qc7 $2 18. Rfe1 Bxc3
19. Rxe6+ Kf8 20. d6 Qc8 21. Re7 (21. d7 Qxd7 22. Qc5+ Kg8 23. Re7 Bd4 24. Rxd7
Bxc5 25. Bxb7 Rf8 $14) 21... g6 22. Qh4 (22. Qh6+ Bg7 23. Qf4 Qf5 24. Qxf5 gxf5
25. Bxb7 Bxb2) 22... Bxg2 23. bxc3 Kg8 24. d7 Qc6 25. Rae1 Bd5 (25... Bh1 26.
f3 Qxf3 27. R1e2 Kg7 28. Rf2 Qd1+ 29. Rf1 $18) 26. Re8+ Kg7 27. d8=Q Rxd8 28.
Qxd8 Rxe8 29. Rxe8 h5 30. h4 $16) 18. dxe6 Qc7 {Equally good is 18...Qe7. All
other moves lose on the spot. The play is now forced for a while.} 19. exf7+
Qxf7 20. Rfe1+ (20. Qc5 $2 Qe7 21. Bc6+ Kf8 $17) 20... Bxe1 21. Rxe1+ Kf8 22.
Qc5+ Kg8 23. Bxb7 (23. Re7 Rc8 24. Qe3 Bxg2 25. Rxf7 Kxf7 26. Qf4+ Ke7 27. Qe5+
$11) 23... Qxb7 24. Re7 Qf3 (24... Rc8 25. Qe5 Qxe7 26. Qxe7 h5 27. Qe6+ Kh7
$11) 25. Qe5 Qf6 26. Qd5+ (26. Re8+ $4 {is not a perpetual check, just an
illusion.} Kf7 $19) 26... Kf8 27. Re6 Re8 $2 {I expected 27...Qd8 which would
force a repetition, one way or another. Pavel's choice gives me the
opportunity to play for a win, which I didn't use.} (27... Qd8 28. Rd6 Qxd6 (
28... Qe8 29. Re6 Qd8 $11) 29. Qxd6+ Kf7 30. Qd7+ Kf6 $11) 28. Qd6+ $2 {
I realised that I had made a mistake immediatly after I pressed the clock. In
fact I can't explain why I played this silly check, let's say it was just a
nervous slip in time-trouble.} (28. Rxf6+ gxf6 29. Qb7 $1 {It is important not
to let Black's king out. The following variations confirm that it wouldn't be
easy for Black to save the game due to lack of coordination. Sometimes the
king may come under attack.} {The right path is:} Re5 $1 (29... Re1+ 30. Kg2
Re5 (30... Ra1 31. f4 {[%csl Ya1,Rf8,Yh8] This is very bad for Black, pawns
have no significance, coordination - is what actually matters.}) 31. Qxa6 Kg7
32. Qb7+ Kg6 33. f4 Re2+ 34. Kf3 Rxb2 {[%tqu "En","How should White start an
assault against Black's king?","","","f4f5","",5]} 35. f5+ $1 Kxf5 36. Qe4+ Kg5
37. h4+ Kh6 {[%tqu "En","Continue the attack","","","e4e7","",5]} 38. Qe7 $1
Kg6 39. g4 h5 40. g5 $1 fxg5 41. hxg5 Ra8 42. Qf6+ Kh7 43. Qf7+ Kh8 44. g6 Ra3+
45. Ke4 Re2+ 46. Kd4 Rd3+ 47. Kc5 Re5+ 48. Kc6 $18) (29... h5 30. Qxa6 Kf7 31.
Qxb5 Rc8 32. f4 $16) 30. Qxa6 Kg7 31. Qb7+ Kg6 32. f4 Rc5 $1 33. Qe4+ (33. g4
Rhc8 $11) 33... Kf7 34. g4 c3 $1 35. bxc3 Rc4 36. Qf5 Kg7 37. h4 Rhc8 38. Qd7+
Kh8 39. Qd6 R4c6 40. Qe7 b4 41. Qxb4 Rxc3 {and Black should hold this fairly
easily, as his rooks are finally connected, and pawns remain on one flank only.
}) 28... Kf7 29. Rxf6+ gxf6 30. Qxa6 Rb8 {Now Black is fine, even I have to be
a bit careful not to allow my opponent to get a passed pawn supported by the
rook. Objectively, it's not so difficult to organise a perpetual check, as
Black's king is too exposed.} 31. Qa7+ Kg6 32. h4 h5 33. Qd4 Rhe8 34. g4 hxg4
35. Qxg4+ {Now the perpetual check becomes inevitable.} Kf7 36. Qd7+ Re7 37.
Qd5+ Kg7 38. Kf1 Rbb7 39. h5 Kh6 40. Qf5 Rg7 41. Qxf6+ Kxh5 42. Qf5+ Kh6 43.
Qf6+ Kh7 44. Qf5+ Kg8 {Good game.} 1/2-1/2

[Event "Nancy-A"]
[Site "Nancy"]
[Date "2010.02.28"]
[Round "9"]
[White "Postny, Evgeny"]
[Black "Wirig, Anthony"]
[Result "1-0"]
[WhiteElo "2648"]
[BlackElo "2497"]
[Annotator "Postny,E"]
[PlyCount "81"]
[EventDate "2010.02.22"]
[EventType "tourn"]
[EventRounds "9"]
[EventCountry "FRA"]
[EventCategory "11"]
[SourceTitle "CBM 135"]
[Source "ChessBase"]
[SourceDate "2010.03.17"]
[SourceVersion "1"]
[SourceVersionDate "2010.03.17"]
[SourceQuality "1"]

{Going into the last round, Granda Zuniga, Pelletier and I shared first place,
with me having the worst tie-break. So, obviously, only a win could give me
chances for an overall victory in the tournament.} 1. d4 Nf6 2. c4 e6 3. Nf3 d5
4. g3 dxc4 5. Bg2 c5 6. O-O Nc6 7. Ne5 ({I also played the} 7. Qa4 {line
beforehand. I didn't have a deep preparation for the last round game,
preferring just to get a good night's sleep before the round that started at 9
AM. Therefore, I thought that my opponent might be better prepared, so I
decided to play another line.}) 7... Bd7 8. Na3 cxd4 9. Naxc4 Rc8 {Nowadays
the alternatives 9...Bc5 and 9...Be7 are more common, but the move in the text
is playable as well. Black is moving everything he can from the diagonal h1-a8.
} 10. Qb3 Nxe5 11. Nxe5 Bc6 12. Nxc6 bxc6 13. Rd1 c5 14. e3 Bd6 ({The greedy
attempt to hold the pawn} 14... e5 $2 {fails to} 15. Bh3 $1 $16 {White's
initiative on the light squares is very dangerous.}) 15. exd4 c4 {Black must
block the lines in the centre in order to gain the necessary time for
completing his development.} 16. Qb5+ Qd7 17. a4 O-O 18. Be3 (18. Bg5 Qe7 19.
Qa6 Bb4 20. Rac1 c3 21. bxc3 Rxc3 22. Rxc3 Bxc3 23. d5 exd5 24. Bxd5 h6 25. Be3
Nxd5 26. Rxd5 Qe4 27. Qd3 Re8 28. Rd8 Qxd3 29. Rxd3 Bf6 30. Rd5 a6 {1/2-1/2
Kozul,Z (2594)-Lalic,B (2538)/Rijeka 2009/CBM 128 Extra (42). Black managed to
hold.}) 18... Qe7 $6 $146 {Not the best move, as it allows White to make
progress on the queenside.} (18... Rc7 19. d5 e5 20. Rdc1 Rfc8 21. Bf1 g6 22.
Bxc4 Qxb5 23. Bxb5 Nxd5 24. Ba6 Rxc1+ 25. Rxc1 Rxc1+ 26. Bxc1 Bc5 $11 {1/2-1/2
Kasparov,G (2715)-Andersson,U (2575)/Belgrade 1985/MCL (36). White's pair of
bishops is not sufficient for winning purposes, Black has a safe blockade.})
19. a5 $1 {This move became possible after Black's inaccuracy. The idea is to
secure the b7 stronghold for my bishop, after which the Pa7 will be in real
danger.} h6 (19... Rb8 20. Qxc4 Rxb2 21. d5 exd5 22. Bxd5 Nxd5 23. Rxd5 {
is unsatisfactory for Black, since the Bd6 doesn't have a good square, and the
Pa7 is a target.}) (19... c3 20. bxc3 Rxc3 21. Rdc1 Rxc1+ 22. Rxc1 {and White
keeps a stable pressure.}) 20. a6 Ng4 $2 {This is a punch in the air.} (20...
c3 {was an option with a position similar to that in the previous comment.})
21. Bd2 Rb8 (21... Qf6 22. Be1 $16 {[%csl Rg4][%cal Gh2h3] After the game my
opponent told me that he had overlooked this simple defensive move.}) 22. Bb7 {
[%csl Gb7]} Rfc8 23. Rac1 $18 e5 {A desperate practical attempt to change the
course of the game, but, in fact it makes the things even worse.} 24. h3 Nf6
25. dxe5 Bxe5 26. Re1 (26. Be3 {[%csl Ra7] was also winning. Black will lose
at least an exchange.}) 26... Rc5 27. Qb4 Qc7 (27... Nd5 $2 28. Rxe5 $1 $18)
28. Be3 Bd6 29. Bxc5 Bxc5 {[%csl Rg3]} 30. Qc3 Bb6 31. Kg2 (31. Qe5 Qxe5 32.
Rxe5 Rd8 33. Rb5 Rd6 34. Rxc4 {would be a quicker way to finish.}) 31... Rd8
32. b3 (32. Qxc4 $2 Qxc4 33. Rxc4 Rd2 34. Rf4 Rxb2 {would still require a lot
of work.}) 32... Ba5 33. b4 Bb6 34. Qxc4 {White is an exchange and a pawn up,
so the rest is easy.} Qd6 35. Bf3 Qd2 36. Re2 Qd6 37. Rce1 Kf8 38. b5 g6 39.
Bc6 h5 40. Rb1 Kg7 41. Rb3 {Black resigned. At the end of dramatic last round
none of my direct competitors had achieved a win, so I managed to occupy clear
first place!} 1-0

[Event "Olympiad-40"]
[Site "Istanbul"]
[Date "2012.09.05"]
[Round "8.4"]
[White "Postny, Evgeny"]
[Black "Perez Candelario, Manuel"]
[Result "1-0"]
[WhiteElo "2638"]
[BlackElo "2575"]
[Annotator "Postny,E"]
[PlyCount "125"]
[EventDate "2012.08.28"]
[EventType "team-swiss"]
[EventRounds "11"]
[EventCountry "TUR"]
[SourceTitle "CBM 151"]
[Source "ChessBase"]
[SourceDate "2012.11.13"]
[SourceVersion "1"]
[SourceVersionDate "2012.11.13"]
[SourceQuality "1"]
[WhiteTeam "Israel"]
[BlackTeam "Spain"]
[WhiteTeamCountry "ISR"]
[BlackTeamCountry "ESP"]

1. d4 d5 2. c4 e6 3. Nf3 Nf6 4. g3 dxc4 5. Bg2 a6 6. O-O Nc6 7. Bg5 {Recently
this move has become as common as the main lines 7.e3 and 7.Nc3.} Be7 8. e3 Bd7
(8... O-O 9. Nbd2 e5 10. Nxc4 (10. Nxe5 Nxe5 11. dxe5 Ng4 12. Bxe7 Qxe7 13.
Nxc4 Nxe5 14. Nxe5 Qxe5 15. Qb3 c6 $11 {1-0 Shirov,A (2710)-Morozevich,A (2763)
/Jurmala 2012/CB07_2012 (61)}) 10... exd4 11. Nxd4 Nxd4 12. Qxd4 Qxd4 13. exd4
Rd8 14. Rfd1 $14 {1-0 Ponomariov,R (2739)-Morozevich,A (2750)/Moscow 2009/CBM
133 (27)}) 9. Qc1 $5 $146 {One could think that I prepared this move
beforehand. In fact, I couldn't remember any of the previous games, so started
to play on my own. In general, in this line White doesn't get the pawn back,
but plays for long term compensation.} (9. Nbd2 b5 10. b3 c3 11. Bxf6 Bxf6 12.
Ne4 b4 13. Nxf6+ gxf6 14. Ne1 Rb8 15. Nd3 Ne7 16. Nc5 Bb5 17. Re1 $44 {1-0
Kamsky,G (2702)-Bellaiche,A (2442)/Philadelphia 2010/CBM 137 Extra (29)}) 9...
b5 10. Nbd2 Nd5 {This move makes sense, since every exchange is, normally, in
Black's favour since he is a pawn up. On the other hand, after the exchange of
dark-squared bishops, it will be easier for White to seize control over the
dark squares.} (10... O-O 11. b3 cxb3 12. Nxb3 $44) 11. Bxe7 Ncxe7 12. e4 Nb6 (
12... Nb4 $2 13. Qc3 a5 (13... Nbc6 14. d5 exd5 15. Qxg7 Rg8 16. Qxh7 $16) 14.
a3 Na6 15. a4 c6 16. d5 O-O 17. dxc6 b4 18. Qe3 Nxc6 19. Nxc4 $16) 13. b3 O-O
14. Rd1 (14. bxc4 bxc4 15. Nxc4 $2 Nxc4 16. Qxc4 Bb5 $17 {[%csl Rf1][%cal
Gb5f1]}) 14... cxb3 15. Nxb3 a5 (15... Na4 16. Nc5 Nxc5 17. Qxc5 $44) 16. Nc5
Ra7 $6 {Too soft. Black should try to solve the problem of his passive bishop.}
(16... b4 $1 17. a3 (17. Bf1 Na4 {eliminating the active knight.}) (17. Ne5 Bb5
{[%csl Gb5]}) 17... Bb5 18. Qc2 bxa3 19. Rdb1 Bc4 20. Rxa3 Nc6 21. Qc3 $44) 17.
Ne5 $14 {[%csl Gc5,Ge5]} Be8 ({After} 17... b4 18. a3 {Black doesn't have time
for 18...Bb5 since the Ra7 is unprotected.}) 18. Rb1 Qd6 19. Bf1 c6 20. Ng4 f5
$5 {A controversial decision as it weakens the kingside. On the other hand, at
least Black gets some space and can develop the bishop.} 21. Ne5 h6 (21... Ng6
22. f4 Nd7 23. Nexd7 Bxd7 24. Bg2 $14) 22. Qe3 Bg6 23. Rbc1 Bh7 24. f3 $16 Kh8
25. a3 {White has a really nice position, but it's difficult to make further
progress. I thought that the transfer of the bishop to a2, pressing Pe6, might
be one of the ideas.} Bg8 26. Bd3 Qd8 {Basically Black can only wait and see
what the opponent will come up with.} 27. Bb1 Rf6 28. Kh1 Qe8 29. g4 $2 {
I was trying to create an assault against the black king, but chose the wrong
moment for that.} ({It was possible to prepare this idea by} 29. Rg1) 29... Bh7
$6 (29... fxg4 $1 30. Nxg4 (30. fxg4 Ng6 31. Ncd3 Nc4 32. Nxc4 bxc4 33. e5 Rf8
34. Nc5 Nf4 $13) 30... Rf8 31. Nxh6 Nc4 32. Qg5 (32. Rxc4 bxc4 33. Nxg8 Nxg8
34. e5 Nh6 $15) 32... gxh6 33. Qxh6+ Bh7 34. Nxe6 Rf7 35. Ng5 Rg7 36. Nxh7 Rxh7
37. Qf6+ Rg7 38. Qh6+ Rh7 $11) 30. Rg1 fxe4 $2 (30... Ng6 31. Nxg6+ Bxg6 32. g5
hxg5 33. e5 Rf8 34. Qxg5 Bh7 {and Black is still alive somehow.}) 31. fxe4 $6 {
I wanted to keep the d5-square under control and didn't calculate the
alternative well enough.} (31. Nxe4 $1 {was winning material by force.} Rf8 32.
Nd6 Nbd5 33. Qe2 Qb8 34. Nef7+ Kg8 35. Qxe6 Bxb1 36. Ng5+ Kh8 37. Ndf7+ Rxf7
38. Nxf7+ Kh7 39. Rxb1 Qf4 40. Ne5 $18) 31... Ng8 $6 (31... Ng6 32. Nxg6+ Bxg6
33. g5 hxg5 34. e5 Rf5 35. Bxf5 Bxf5 36. Rxg5 $16) 32. Ncd3 $6 {This manoeuvre
is not to the point.} (32. Ba2 b4 33. h4 g5 34. Bxe6 $1 Rxe6 35. Nxe6 Qxe6 36.
Rxc6 $18) (32. h4 {was also effective, preparing g4-g5.}) 32... Rc7 33. Nf4 $2
{It wasn't too late to admit the mistake and bring the knight back to c5,
where it belongs.} (33. Nc5 $16) 33... Nd7 34. Nxd7 (34. Nh5 Rf8 {leads to
nowhere.}) 34... Qxd7 35. e5 Rxf4 $1 {Practically forced, but improves Black's
position significantly.} 36. Qxf4 Qd5+ 37. Rg2 Bxb1 38. Rxb1 Rd7 39. Rc1 Ne7 {
It's clear that I had spoiled the lion's share of my advantage if not all of
it.} 40. g5 hxg5 (40... Ng6 41. Qg4 Rf7 42. gxh6 Nf4 43. hxg7+ Kg8 44. Rc5
Qxg2+ 45. Qxg2 Nxg2 46. Kxg2 Rf4 47. Rxc6 Rxd4 48. Rxe6 Kxg7 $11) 41. Qxg5 Nf5
42. Qh5+ Kg8 43. Qe8+ Kh7 44. Rc3 {For the moment I thought that I am winning..
.} Qe4 $1 {The only defence.} 45. Qg6+ Kg8 46. Qe8+ (46. Qxe6+ $6 Rf7 {
Calculating this line, I realised that there is no more than a draw here.} 47.
Qe8+ (47. Qxc6 $4 Ng3+ $1 48. hxg3 Rf1+ 49. Kh2 Qh7+ {mating.}) 47... Rf8 $11)
46... Kh7 47. Rh3+ Nh6 48. Rhg3 {The only way to continue the fight for a win.}
Rf7 49. h3 Rf1+ $2 (49... Nf5 $1 50. Rg5 (50. Qxf7 Nxg3+ 51. Kh2 Nf5 $11 {
[%csl Gf5]}) 50... Nh6 51. Qxe6 Rf1+ 52. Kh2 Qf4+ 53. R5g3 Nf5 54. Qg6+ Kg8 $11
) 50. Kh2 Nf5 51. Qg6+ Kg8 (51... Kh8 $2 52. Rg4 Rf4 (52... Qb1 53. Rh4+ $18)
53. Rg5 Rh4 54. Rxf5 $18) 52. Qxe6+ Kh7 53. Rg4 Qb1 54. Qg6+ Kg8 55. Qe8+ Kh7
56. Qg6+ Kg8 57. Rg1 Qc2+ (57... Rxg1 58. Rxg1 Qe4 {was more stubborn, but
White should win after} 59. Qg4 Qxg4 60. hxg4 Nxd4 61. Rf1 Ne6 62. Kg3 b4 63.
axb4 axb4 64. Rb1 c5 65. Kf3 Kf7 66. Ke4 $18) 58. R4g2 {Now it's over.} Rf2 59.
Qe8+ Kh7 60. Qg6+ Kg8 61. e6 Rxg2+ 62. Rxg2 Qe4 63. Rf2 1-0